कुंडली रहस्य दर्पण (Record no. 86778)

MARC details
000 -LEADER
fixed length control field 00683nam a2200181Ia 4500
008 - FIXED-LENGTH DATA ELEMENTS--GENERAL INFORMATION
fixed length control field 090124s9999 xx 000 0 und d
082 ## - DEWEY DECIMAL CLASSIFICATION NUMBER
Item number 10041
100 ## - MAIN ENTRY--PERSONAL NAME
Personal name ओक गजानन बाऴकृष्ण
245 ## - TITLE STATEMENT
Title कुंडली रहस्य दर्पण
250 ## - EDITION STATEMENT
Edition statement 0
260 ## - PUBLICATION, DISTRIBUTION, ETC. (IMPRINT)
Name of publisher, distributor, etc बलवन्त पुस्तक भाण्डार मुंबई
Date of publication, distribution, etc 1974
300 ## - PHYSICAL DESCRIPTION
Extent 69
600 ## - SUBJECT ADDED ENTRY--PERSONAL NAME
Personal name ओक गजानन बाऴकृष्ण
630 ## - SUBJECT ADDED ENTRY--UNIFORM TITLE
Uniform title कुंडली रहस्य दर्पण
700 ## - ADDED ENTRY--PERSONAL NAME
Personal name ओक गजानन बाऴकृष्ण
730 ## - ADDED ENTRY--UNIFORM TITLE
Uniform title कुंडली रहस्य दर्पण
942 ## - ADDED ENTRY ELEMENTS (KOHA)
Koha item type Book
Holdings
Withdrawn status Lost status Damaged status Not for loan Home library Current library Date acquired Cost, normal purchase price Total Checkouts Full call number Barcode Date last seen Cost, replacement price Price effective from Koha item type
        Nagar Wachan Mandir, Thane Nagar Wachan Mandir, Thane   5.00   10041 THNNWM-10041 01/24/2009 5.00 01/24/2009 Book